000 00625nam a2200229Ia 4500
003 OSt
005 20220918201306.0
006 a|||||r|||| 00| 0
007 ta
008 220917b |||||||| |||| 00| 0 eng d
024 _a92,940
037 _cTextual
040 _aARTS
_cARTS
_beng
041 _2eng
_aeng
082 _aV1N, L5
100 _aBendiner Elmer
_997985
245 0 _aTime for angels
_b the tragicomic history of the League of Nations
260 _aLodnon
_bWeidenfeld and Nicolson
_c1975
650 _aHISTORY
942 _hV1N, L5
_cTEXL
_2CC
999 _c216588
_d216588